000 00491nam a2200181Ia 4500
003 GCL
008 140319s9999 xx 000 0 eng d
040 _aGCL /
_cGCL
082 0 4 _aCC
_b931.012
_bS E
100 1 _aSPENEER, A. T.
245 1 0 _aEARLY EGYPT: THE RISE OF CIVILISATION IN THE NILE VALLEY /
_cSPENEER, A. T.
260 _a[S.N] :
_bBRITISH MUSEUM PRESS ،
_c1993
300 _a128 P
650 0 4 _aEGYPT
650 0 4 _aANCIENT EGYPT
650 0 4 _aNILE VALLEY
942 _2ddc
_cBK
999 _c25665
_d25665